ROL DE LOS DOCENTES EN LA ENSEÑANZA DE EDUCACION BASICA EN LOS CENTROS EDUCATIVOS CANDELARIO FLORIAN Y MARIA TRINIDAD SANCHEZ PERTENECIENTES AL DISTRITO EDUCATIVO 18 01 DEL MUNICIPIO DE NEYBA CORRESPONDIENTE AL AÑOESCOLAR 2010-2011 (Record no. 279)

MARC details
000 -LEADER
campo de control de longitud fija 01026nam a22002057a 4500
001 - NÚMERO DE CONTROL
campo de control 910
005 - FECHA Y HORA DE LA ÚLTIMA TRANSACCIÓN
campo de control 20250522045535.0
008 - DATOS DE LONGITUD FIJA--INFORMACIÓN GENERAL
campo de control de longitud fija 5230202010 dr a
090 ## - LOCALMENTE ASIGNADO TIPO-LC NÚMERO DE CLASIFICACIÓN (OCLC); NÚMERO DE CLASIFICACIÓN LOCAL (RLIN)
Número de clasificación (OCLC) (R) ; Numero de clasificación, CALL (RLIN) (NR) EDU 2011-009
100 ## - ENTRADA PRINCIPAL--NOMBRE DE PERSONA
Nombre de persona FELIZ PEÑA, LUCIA.
245 ## - MENCIÓN DEL TÍTULO
Título ROL DE LOS DOCENTES EN LA ENSEÑANZA DE EDUCACION BASICA EN LOS CENTROS EDUCATIVOS CANDELARIO FLORIAN Y MARIA TRINIDAD SANCHEZ PERTENECIENTES AL DISTRITO EDUCATIVO 18 01 DEL MUNICIPIO DE NEYBA CORRESPONDIENTE AL AÑOESCOLAR 2010-2011
Mención de responsabilidad, etc. Lucia Féliz Peña , Víctor Manuel Morillo Vásquez, Santa lorián Cuevas, Santo Camilo Vásquez Amador.
260 ## - PUBLICACIÓN, DISTRIBUCIÓN, ETC.
Lugar de publicación, distribución, etc. Barahona :
Nombre del editor, distribuidor, etc. UNIVERSIDAD CATOLICA TECNOLOGICA DE BARAHONA
300 ## - DESCRIPCIÓN FÍSICA
Extensión v, 153h :
Otros detalles físicos il. ;
502 ## - NOTA DE TESIS
Nota de tesis Monográfico (Lic. en Educación Básica). -- UCATEBA
504 ## - NOTA DE BIBLIOGRAFÍA, ETC.
Nota de bibliografía, etc. Nota Incluye Bibliografía
650 ## - PUNTO DE ACCESO ADICIONAL DE MATERIA--TÉRMINO DE MATERIA
Término de materia o nombre geográfico como elemento de entrada 1.EL ROL DEL DOCENTE EN LA ENSEÑANZA DE LA EDUCACION BASICA.
700 ## - ENTRADA AGREGADA--NOMBRE PERSONAL
Nombre de persona I.MORILLO VASQUEZ, VICTOR MANUEL, COAUT.
700 ## - ENTRADA AGREGADA--NOMBRE PERSONAL
Nombre de persona II.FLORIAN CUEVAS, SANTA, COAUT.
700 ## - ENTRADA AGREGADA--NOMBRE PERSONAL
Nombre de persona III.VASQUEZ AMADOR, SANTO CAMILO, COAUT.
Holdings
Estatus retirado Estado de pérdida Estado de daño No para préstamo Colección Biblioteca de origen Biblioteca actual Fecha de adquisición Total de préstamos Signatura topográfica completa Código de barras Visto por última vez Copia número Precio de reemplazo Tipo de ítem Koha
        Acervo general de Libros Biblioteca Central Mons. Favio M. Rivas S. Biblioteca Central Mons. Favio M. Rivas S. 12/03/2013   EDU 2011-009 000000000340 23/05/2025 1 23/05/2025 Tesis
        Acervo general de Libros Biblioteca Central Mons. Favio M. Rivas S. Biblioteca Central Mons. Favio M. Rivas S. 23/10/2015   EDU 2011-009 000000004161 23/05/2025 2 23/05/2025 Tesis